Countries Closest to Thailand by first two letters - Statistics

General Stats
  • This quiz has been taken 371 times
  • The average score is 16 of 20
Answer Stats
km country miles % Correct
486 India 302
98%
301 Indonesia 187
98%
0 Laos 0
95%
115 China 71
94%
0 Cambodia 0
93%
0 Myanmar 0
93%
0 Malaysia 0
92%
104 Vietnam 65
92%
524 Singapore 325
83%
1440 Philippines 895
75%
579 Bangladesh 360
73%
1258 Nepal 782
72%
2648 Pakistan 1645
72%
2053 Japan 1276
71%
1341 Brunei 833
70%
993 Bhutan 617
69%
2766 South Korea 1719
65%
1734 Taiwan 1077
65%
1810 Sri Lanka 1125
63%
2396 Mongolia 1489
58%
No matching quizzes found
Score Distribution
Percent of People with Each Score
Percentile by Number Answered
Your Score History
You have not taken this quiz